<?xml version="1.0" encoding="UTF-8"?>
<record
    xmlns:xsi="http://www.w3.org/2001/XMLSchema-instance"
    xsi:schemaLocation="http://www.loc.gov/MARC21/slim http://www.loc.gov/standards/marcxml/schema/MARC21slim.xsd"
    xmlns="http://www.loc.gov/MARC21/slim">

  <leader>01194nam a2200241 a 4500</leader>
  <controlfield tag="001">BRCA_5683</controlfield>
  <controlfield tag="005">20190320205159.0</controlfield>
  <controlfield tag="008">260810s1840----fr-abc####---#000-0#fre-#</controlfield>
  <datafield tag="041" ind1=" " ind2=" ">
    <subfield code="a">fre</subfield>
  </datafield>
  <datafield tag="044" ind1=" " ind2=" ">
    <subfield code="a">fr</subfield>
  </datafield>
  <datafield tag="050" ind1=" " ind2="4">
    <subfield code="a">AE25</subfield>
    <subfield code="b">.D53 1840</subfield>
  </datafield>
  <datafield tag="245" ind1="1" ind2="0">
    <subfield code="a">Dictionnaire biographique</subfield>
    <subfield code="b">universel, historique</subfield>
    <subfield code="c">suivant la methode de A. Lesage (comte de las-Cases) par une societe de professeurs et de gens de lettres.</subfield>
  </datafield>
  <datafield tag="260" ind1=" " ind2=" ">
    <subfield code="a">Par&#xED;s</subfield>
    <subfield code="b">Chez les editeurs</subfield>
    <subfield code="c">1840</subfield>
  </datafield>
  <datafield tag="300" ind1=" " ind2=" ">
    <subfield code="a">25 v. en 12 t.</subfield>
    <subfield code="b">il., mapas, retratos</subfield>
    <subfield code="c">14 cm.</subfield>
  </datafield>
  <datafield tag="500" ind1=" " ind2=" ">
    <subfield code="a">Diccionario inventariado por Banco de M&#xE9;xico como libro</subfield>
  </datafield>
  <datafield tag="500" ind1=" " ind2=" ">
    <subfield code="a">T1</subfield>
  </datafield>
  <datafield tag="505" ind1="0" ind2=" ">
    <subfield code="a">1.2. Tome premier A-AL.-- 3.4. Tome deuxi&#xE8;me AN-BE.-- 5.6.7. Tome troisi&#xE8;me BE-BR.-- 8.9. Tome quatri&#xE8;me CA-CR.-- 10.11. Tome cinqui&#xE8;me CR- DU.-- 12.13. Tome sixi&#xE8;me DU-FL.-- 14.15. Tome septi&#xE8;me FL-GU.-- 16.17. Tome huiti&#xE8;me GU-LA.-- 18.19. Tome neuvi&#xE8;me LA-MA.-- 20.21. Tome dixi&#xE8;me MA-PA.-- 22.23. Tome onzi&#xE8;me PA-RI.-- 24.25. Tome dixi&#xE8;me seconde RI-ZU</subfield>
  </datafield>
  <datafield tag="600" ind1="1" ind2="4">
    <subfield code="a">Lesage, Emmanuel-Auguste</subfield>
    <subfield code="c">Conde de las Casas</subfield>
    <subfield code="d">1766-1842</subfield>
    <subfield code="9">14438</subfield>
  </datafield>
  <datafield tag="650" ind1="1" ind2="4">
    <subfield code="a">Enciclopedias y diccionarios</subfield>
    <subfield code="9">9441</subfield>
  </datafield>
  <datafield tag="650" ind1="1" ind2="4">
    <subfield code="a">Biograf&#xED;as</subfield>
    <subfield code="9">14439</subfield>
  </datafield>
  <datafield tag="902" ind1=" " ind2=" ">
    <subfield code="a">GFM</subfield>
  </datafield>
  <datafield tag="942" ind1=" " ind2=" ">
    <subfield code="2">lcc</subfield>
    <subfield code="c">B</subfield>
  </datafield>
  <datafield tag="999" ind1=" " ind2=" ">
    <subfield code="c">5376</subfield>
    <subfield code="d">5376</subfield>
  </datafield>
  <datafield tag="952" ind1=" " ind2=" ">
    <subfield code="0">0</subfield>
    <subfield code="1">0</subfield>
    <subfield code="4">0</subfield>
    <subfield code="7">0</subfield>
    <subfield code="a">BRCA</subfield>
    <subfield code="b">BRCA</subfield>
    <subfield code="d">2011-03-02</subfield>
    <subfield code="i">T1</subfield>
    <subfield code="l">0</subfield>
    <subfield code="o">AE25 .D53 1840 (T1)</subfield>
    <subfield code="p">6119</subfield>
    <subfield code="r">2019-03-22 00:00:00</subfield>
    <subfield code="w">2019-03-22</subfield>
    <subfield code="y">B</subfield>
  </datafield>
</record>
